00856nam a2200217Ia 4500008004100000020001800041040001800059041000800077060001100085100003200096245016100128250001100289260010400300300003900404600006100443650001700504650003400521650002800555650002300583700003200606130821s2008 sp ao gr dspa  a9788469144404 aCo-BoUCMbspa00aspa aWZ 1001 aCabrera Afonso, Juan Rafael10aAspectos médicos de la vida de José Celestino Mutis (Cádiz, 1732 - Santa Fe de Bogotá, 1808)cJuan Rafael Cabrera Afonso; Carlos Márquez Espinós a2a Ed. aCádiz (Andalucía, Espaa)bReal Academia de Medicina y Cirugía de Cádizc[fecha desconocida] a107 páginasbfotografías color14aMutis y Bosio, José Celestinod1732-1808vBiografías04aBiografías04aBotánica médicaxHistoria04aExpedición botánica04aMedicinaxHistoria1 aMárquez Espinós, Carlos